Hitotsubashi Journal of Economics

Guardado en:
Detalles Bibliográficos
Formato: Seriadas
Lenguaje:inglés
Publicado: Tokyo Hitotsubashi University 2019
Etiquetas: Agregar Etiqueta
Sin Etiquetas, Sea el primero en etiquetar este registro!

MARC

LEADER 00000nas2a2200000 4500
001 0259172
005 20240117082427.7
022 |a 0018-280X 
041 0 |a eng 
044 |a JP 
245 1 0 |a Hitotsubashi Journal of Economics 
264 1 |a Tokyo  |b Hitotsubashi University  |c 2019 
773 0 |w eu_un_cat*s120199 
774 0 |w eu_un_cat*0298311